000 00600nam a22001817a 4500
005 20231113132958.0
008 231113b |||||||| |||| 00| 0 eng d
020 _a0409060186 ; 0409060194
041 _aEnglish
082 _a345.3 VAN
100 _aVan der Walt, JC and Midgley, JR
_lEnglish
245 _aDelict: Principles and Cases /
_cJC Van deer Walt and JR Midgley
250 _aSecond Edition
260 _aDurban :
_bButterworth Publishers (Pty) Ltd,
_c1997
300 _bvii, 263 pages ;
_c25 cm.
650 _aLegal practice
_bLaw
942 _cBK
_6ALISON_BN_VRIES
999 _c575
_d575